[Event "XXIX Cracovia 2018"]
[Site "Krakow"]
[Date "2018.12.28"]
[Round "2"]
[White "Lada, Ireneusz"]
[Black "Kusnetsov, Igor"]
[Result "0-1"]
[WhiteElo "1944"]
[BlackElo "2094"]
[Annotator "NA"]
[PlyCount "86"]
[EventDate "2018.12.27"]
[EventType "swiss"]
[EventCountry "POL"]
[SourceTitle "playchess.com"]
[Source "ChessBase"]
[SourceQuality "1"]
[TimeControl "40/5400+30:1800+30"]

1. c4 {[%emt 0:00:00]} c5 {[%emt 0:00:21]} 2. Nf3 {[%emt 0:00:00]} Nc6 {[%emt 0:00:11]} 3. Nc3 {[%emt 0:01:27]} e5 {[%emt 0:01:26]} 4. g3 {[%emt 0:00:36]} g6 {[%emt 0:00:25]} 5. Bg2 {[%emt 0:00:11]} Bg7 {[%emt 0:00:06]} 6. O-O {[%emt 0:01:19]} Nge7 {[%emt 0:00:16]} 7. d3 {[%emt 0:00:53]} O-O {[%emt 0:00:50]} 8. a3 {[%emt 0:01:19]} d6 {[%emt 0:03:20]} 9. Rb1 {[%emt 0:00:18]} a5 {[%emt 0:02:16]} 10. Ne1 {[%emt 0:06:07]} Be6 {[%emt 0:01:29]} 11. Nd5 {[%emt 0:00:35]} Rb8 {[%emt 0:01:04]} 12. Bg5 {[%emt 0:03:59]} f6 {[%emt 0:03:41]} 13. Bd2 {[%emt 0:00:56]} b5 {[%emt 0:05:39]} 14. b3 {[%emt 0:15:55]} f5 {[%emt 0:14:37]} 15. Bg5 {[%emt 0:06:46]} h6 {[%emt 0:03:41]} 16. Nxe7+ {[%emt 0:02:50]} Nxe7 {[%emt 0:00:09]} 17. Bxe7 {[%emt 0:00:16]} Qxe7 {[%emt 0:00:02]} 18. Bd5 {[%emt 0:01:32]} Bxd5 {[%emt 0:00:41]} 19. cxd5 {[%emt 0:00:09]} e4 {[%emt 0:00:38]} 20. Qd2 {[%emt 0:03:35]} Ra8 {[%emt 0:13:43]} 21. Ng2 {[%emt 0:04:50]} g5 {[%emt 0:02:38]} 22. a4 {[%emt 0:08:26]} f4 {[%emt 0:12:24]} 23. dxe4 {[%emt 0:05:08]} Qxe4 {[%emt 0:02:20]} 24. axb5 {[%emt 0:00:46]} Be5 {[%emt 0:03:09]} 25. Rfd1 {[%emt 0:05:05]} Rfb8 {[%emt 0:01:56]} 26. gxf4 gxf4 {[%emt 0:01:31]} 27. Rbc1 {[%emt 0:08:19]} Ra7 {[%emt 0:04:25]} 28. f3 {[%emt 0:05:00]} Qg6 {[%emt 0:07:06]} 29. Qd3 {[%emt 0:01:03]} Qxd3 {[%emt 0:00:31]} 30. Rxd3 {[%emt 0:00:24]} Rxb5 {[%emt 0:00:36]} 31. Rc4 {[%emt 0:00:53]} Rb4 {[%emt 0:00:39]} 32. e3 {[%emt 0:05:16]} Rxc4 {[%emt 0:00:59]} 33. bxc4 {[%emt 0:00:05]} a4 {[%emt 0:00:55]} 34. Ra3 {[%emt 0:00:03]} fxe3 {[%emt 0:02:42]} 35. Nxe3 {[%emt 0:00:23]} Bd4 {[%emt 0:00:01]} 36. Kf2 {[%emt 0:00:01]} Re7 {[%emt 0:00:54]} 37. Rxa4 {[%emt 0:01:08]} Rxe3 {[%emt 0:00:19]} 38. Kg3 {[%emt 0:00:01]} Be5+ {[%emt 0:02:24]} 39. Kg4 {[%emt 0:00:13]} Kg7 {[%emt 0:00:52]} 40. h4 {[%emt 0:00:00]} Kg6 {[%emt 0:00:00]} 41. h5+ {[%emt 0:01:33]} Kf6 {[%emt 0:01:48]} 42. Ra8 {[%emt 0:00:37]} Rc3 {[%emt 0:00:17]} 43. Ra4 {[%emt 0:01:00]} Rc1 {[%emt 0:00:13]} 0-1

[Event "XXIX Cracovia 2018"]
[Site "Krakow"]
[Date "2018.12.28"]
[Round "2"]
[White "Bakalarz, Leszek"]
[Black "Siprashvili, Ivane"]
[Result "1/2-1/2"]
[WhiteElo "1927"]
[BlackElo "2074"]
[Annotator "NA"]
[PlyCount "153"]
[EventDate "2018.12.27"]
[EventType "swiss"]
[EventCountry "POL"]
[SourceTitle "playchess.com"]
[Source "ChessBase"]
[SourceQuality "1"]
[TimeControl "40/5400+30:1800+30"]

1. e4 e6 2. d4 d5 3. Nc3 Bb4 4. e5 b6 5. Qg4 Bf8 6. Be3 Qd7 7. O-O-O Ba6 8. Bxa6 Nxa6 9. Qe2 Nb8 10. f4 Ne7 11. Nf3 h5 12. Nh4 g6 13. h3 Nbc6 14. g4 Na5 15. b3 Nec6 16. Kb2 Qe7 17. Ng2 Qb4 18. Nb1 Nc4+ 19. Kc1 Nxe3 20. c3 Qe7 21. Nxe3 O-O-O 22. Kb2 Kb7 23. f5 Bh6 24. f6 Qd7 25. Ng2 Na5 26. gxh5 gxh5 27. Nh4 c5 28. Nf3 c4 29. h4 cxb3 30. axb3 a6 31. Ng5 Rc8 32. Na3 Bf8 33. Nc2 Rc7 34. Ra1 Qb5 35. Qxb5 axb5 36. Rh3 Rg8 37. Rc1 Bh6 38. Rg3 Bxg5 39. Rxg5 Rgc8 40. Nb4 Nc6 41. Nxc6 Rxc6 42. b4 Rh8 43. Rcg1 Rcc8 44. Rg7 Rcf8 45. Kc2 Kb8 46. Kb3 Kc7 47. Ra1 Kb7 48. Rg2 Rb8 49. Rga2 Kc7 50. Ra7+ Rb7 51. Rxb7+ Kxb7 52. Rg1 Kc7 53. Rg7 Rf8 54. Rh7 Kd7 55. Rxh5 Rg8 56. Rg5 Rh8 57. h5 Ke8 58. Rg1 Rxh5 59. Ra1 Rh3 60. Ra8+ Kd7 61. Ra7+ Kc6 62. Ra8 Rg3 63. Rf8 Rh3 64. Kc2 Rh7 65. Kd3 Rh3+ 66. Ke2 Rg3 67. c4 dxc4 68. Rxf7 c3 69. Rg7 c2 70. Kd2 Rc3 71. Kc1 Kd5 72. Rd7+ Ke4 73. f7 Rc8 74. Re7 Rf8 75. Rd7 Rc8 76. d5 Kxe5 77. Re7 1/2-1/2

[Event "XXIX Cracovia 2018"]
[Site "Krakow"]
[Date "2018.12.28"]
[Round "2"]
[White "Gawronski, Lukasz"]
[Black "Ilandzis, Spyridon"]
[Result "1-0"]
[WhiteElo "1916"]
[BlackElo "2052"]
[Annotator "NA"]
[PlyCount "60"]
[EventDate "2018.12.27"]
[EventType "swiss"]
[EventCountry "POL"]
[SourceTitle "playchess.com"]
[Source "ChessBase"]
[SourceQuality "1"]
[TimeControl "40/5400+30:1800+30"]

1. c4 {[%emt 0:00:19]} b6 {[%emt 0:00:03]} 2. Nc3 {[%emt 0:00:44]} Bb7 {[%emt 0:00:19]} 3. e4 {[%emt 0:00:50]} e6 {[%emt 0:00:18]} 4. d4 {[%emt 0:00:34]} Bb4 {[%emt 0:00:38]} 5. f3 {[%emt 0:03:38]} f5 {[%emt 0:00:49]} 6. exf5 {[%emt 0:01:41]} Nh6 {[%emt 0:01:11]} 7. fxe6 {[%emt 0:01:36]} Nf5 {[%emt 0:01:00]} 8. Bf4 {[%emt 0:02:49]} dxe6 {[%emt 0:05:02]} 9. Qa4+ {[%emt 0:01:49]} Nc6 {[%emt 0:00:34]} 10. O-O-O {[%emt 0:01:23]} Nfxd4 {[%emt 0:10:50]} 11. Be3 {[%emt 0:01:00]} e5 {[%emt 0:03:10]} 12. Bd3 {[%emt 0:00:50]} O-O {[%emt 0:06:49]} 13. Be4 {[%emt 0:01:19]} Bc5 {[%emt 0:10:25]} 14. b4 {[%emt 0:24:08]} Ne2+ {[%emt 0:27:13]} 15. Ngxe2 {[%emt 0:06:47]} Bxe3+ {[%emt 0:00:11]} 16. Kb1 {[%emt 0:01:02]} Qf6 {[%emt 0:00:40]} 17. Nd5 {[%emt 0:04:48]} Qh6 {[%emt 0:00:42]} 18. Ng3 {[%emt 0:19:19]} Bd4 {[%emt 0:14:00]} 19. Nf5 {[%emt 0:04:57]} Rxf5 {[%emt 0:05:59]} 20. Bxf5 {[%emt 0:00:10]} a5 {[%emt 0:00:35]} 21. Nxc7 {[%emt 0:04:15]} Qg5 {[%emt 0:03:39]} 22. Be6+ {[%emt 0:01:51]} Kh8 {[%emt 0:00:03]} 23. Nxa8 {[%emt 0:01:16]} Qxg2 {[%emt 0:03:07]} 24. Qc2 {[%emt 0:07:55]} Qxc2+ {[%emt 0:00:21]} 25. Kxc2 {[%emt 0:00:01]} Nxb4+ {[%emt 0:00:09]} 26. Kb3 {[%emt 0:00:42]} Bxa8 {[%emt 0:00:23]} 27. Rhf1 {[%emt 0:02:08]} Bc6 {[%emt 0:01:02]} 28. f4 {[%emt 0:02:20]} Be4 {[%emt 0:00:11]} 29. fxe5 {[%emt 0:01:14]} Bc2+ {[%emt 0:01:46]} 30. Ka3 {[%emt 0:00:09]} Bc5 1-0

[Event "XXIX Cracovia 2018"]
[Site "Krakow"]
[Date "2018.12.28"]
[Round "2"]
[White "Jajte-Pachota, Jerzy"]
[Black "Kumor, Lukasz"]
[Result "1/2-1/2"]
[WhiteElo "1905"]
[BlackElo "2040"]
[Annotator "NA"]
[PlyCount "173"]
[EventDate "2018.12.27"]
[EventType "swiss"]
[EventCountry "POL"]
[SourceTitle "playchess.com"]
[Source "ChessBase"]
[SourceQuality "1"]
[TimeControl "40/5400+30:1800+30"]

1. e4 c5 2. Bc4 Nc6 3. Nc3 Nf6 4. d3 e6 5. Nge2 d5 6. exd5 exd5 7. Bb3 d4 8. Nb1 Bd6 9. Bf4 O-O 10. O-O Bg4 11. Bxd6 Qxd6 12. Nd2 Qe5 13. Re1 Rae8 14. f3 Be6 15. Ng3 Qc7 16. Nde4 Nd7 17. Qd2 Nb4 18. a3 Nc6 19. Ba4 a6 20. Bxc6 Qxc6 21. Qf4 Bd5 22. Nf5 g6 23. Qg3 Kh8 24. Nh6 f5 25. Ng5 Nf6 26. Rxe8 Rxe8 27. Nhf7+ Kg7 28. Nd6 Re7 29. Nc4 Bxc4 30. dxc4 h6 31. Nh3 Nh5 32. Qf2 Qe6 33. b3 Qe5 34. f4 Qe3 35. Kf1 Nf6 36. Re1 Qxe1+ 37. Qxe1 Rxe1+ 38. Kxe1 Ng4 39. Kd2 Nxh2 40. Nf2 Nf1+ 41. Kc1 Ne3 42. g3 Kf6 43. Nd3 b6 44. Ne5 Nf1 45. Nd7+ Kf7 46. Nxb6 Nxg3 47. b4 cxb4 48. axb4 Ne2+ 49. Kd2 Nxf4 50. Nd7 h5 51. b5 axb5 52. cxb5 Ke6 53. Nc5+ Kd5 54. b6 Kc6 55. b7 Kc7 56. Ke1 Nd5 57. Kf2 Kb8 58. Ne6 Kxb7 59. Nxd4 Kb6 60. Kg3 Kc5 61. Nf3 Kd6 62. Kh4 Ke6 63. Kg5 Ne7 64. c4 Kf7 65. Ne5+ Ke6 66. Nf3 Kf7 67. Ne5+ Kg7 68. c5 h4 69. Kxh4 Kf6 70. Nd7+ Ke6 71. Nb6 Nd5 72. Nc4 Kf6 73. c6 g5+ 74. Kh5 Nf4+ 75. Kh6 Nd5 76. Kh5 Nf4+ 77. Kh6 Nd5 78. Kh5 g4 79. Ne3 Nf4+ 80. Kh4 Ng6+ 81. Kh5 Ne7 82. Nxg4+ Ke6 83. Kg5 Nd5 84. c7 Nxc7 85. Ne3 Nd5 86. Nxd5 Kxd5 87. Kxf5 1/2-1/2

[Event "XXIX Cracovia 2018"]
[Site "Krakow"]
[Date "2018.12.29"]
[Round "3"]
[White "Jarmula, Lukasz"]
[Black "Grela, Kacper"]
[Result "1/2-1/2"]
[WhiteElo "2481"]
[BlackElo "2305"]
[Annotator "TA"]
[PlyCount "68"]
[EventDate "2018.12.27"]
[EventType "swiss"]
[EventCountry "POL"]
[SourceTitle "playchess.com"]
[Source "ChessBase"]
[SourceQuality "1"]

{[%evp 27,68,0,40,40,54,8,5,5,7,0,8,0,4,0,0,0,0,0,0,-38,-35,-23,0,-99,-99,-101,-92,-128,-112,-173,-166,-173,0,-241,-111,-1177,0,0,0,0,0,0,0]} 1. d4 d5 2. c4 e6 3. Nc3 Be7 4. Nf3 Nf6 5. Bg5 O-O 6. e3 h6 7. Bh4 Ne4 8. Bxe7 Qxe7 9. Rc1 c6 10. g4 {D56: Queen's Gambit Declined: Lasker Defence} (10. Bd3 Nxc3 11. Rxc3 dxc4 12. Rxc4 Nd7 13. Bc2 c5 14. dxc5 Nxc5 15. Qd4 b6 16. b4 Rd8 17. Qc3 Nd7 18. Be4 Ba6 19. Bxa8 Bxc4 20. Qxc4 Rxa8 {½-½ (35) Nakamura,H (2785)-So,W (2812) Stavanger 2017}) 10... Nd7 11. h4 e5 12. cxd5 Nxc3 13. Rxc3 cxd5 14. g5 h5 {LiveBook: 9 Games} (14... e4 $5 {[%cal Re4f3]}) 15. dxe5 Nxe5 16. Nxe5 $146 ({Predecessor:} 16. Be2 Bg4 17. Nxe5 Bxe2 {1-0 (37) Rozum,I (2498)-Baglaev,E (2099) St Petersburg 2012}) 16... Qxe5 17. Be2 g6 18. f4 Qe7 19. Qxd5 Bf5 20. Bf3 Rfd8 21. Qe5 Qb4 22. O-O Qxb2 23. Rb3 Qxa2 24. Rxb7 {[#] Strongly threatening Rb2.} Rac8 25. Qe7 (25. e4 $11 {remains equal.} Bh3 26. f5 Bxf1 27. fxg6) 25... a5 $17 {White must now prevent ...Bh3.} 26. Rf2 Qc4 27. Be2 {[#]} Bd3 $1 {And now ...Re8 would win.} 28. Bxd3 (28. Bf3 $17 {keeps fighting.}) 28... Rxd3 $19 29. Kh2 a4 $2 (29... Rd1 $19 {aiming for ...a4.} 30. Ra7 a4) 30. Ra7 $2 (30. f5 $1 $11 {and White is okay.} Qxh4+ 31. Kg2) 30... Qd5 (30... Rf8 $19 {and Black stays clearly on top.} 31. Rc7 Qb3) 31. f5 $2 {[%mdl 8192]} (31. Qe5 $17) 31... Qc4 $2 (31... Rd2 $19 32. Rxd2 Qxd2+ 33. Kh3 Qd5) 32. fxg6 $11 {The position is equal.} Qxh4+ 33. Kg2 Qg4+ 34. Kh2 Qh4+ {Precision: White = 39%, Black = 68%.} 1/2-1/2

[Event "XXIX Cracovia 2018"]
[Site "Krakow"]
[Date "2018.12.29"]
[Round "3"]
[White "Janik, Igor"]
[Black "Belous, Mikhail"]
[Result "1-0"]
[WhiteElo "2476"]
[BlackElo "2299"]
[Annotator "ChessBase"]
[PlyCount "83"]
[EventDate "2018.12.27"]
[EventType "swiss"]
[EventCountry "POL"]
[SourceTitle "playchess.com"]
[Source "ChessBase"]
[SourceQuality "1"]
[TimeControl "40/5400+30:1800+30"]

1. d4 {[%emt 0:00:00]} Nf6 {[%emt 0:00:00]} 2. c4 {[%emt 0:00:00]} g6 {[%emt 0:00:02]} 3. Nf3 {[%emt 0:00:00]} Bg7 {[%emt 0:00:11]} 4. g3 {[%emt 0:00:00]} O-O {[%emt 0:00:21]} 5. Bg2 {[%emt 0:00:20]} d6 {[%emt 0:00:19]} 6. O-O {[%emt 0:00:08]} Nc6 {[%emt 0:01:11]} 7. Nc3 {[%emt 0:00:36]} a6 {[%emt 0:02:54]} 8. Qc2 {[%emt 0:00:08]} Rb8 {[%emt 0:06:32]} 9. Rd1 {[%emt 0:01:57]} Bd7 {[%emt 0:03:20]} 10. e4 {[%emt 0:00:15]} b5 {[%emt 0:05:10]} 11. e5 {[%emt 0:06:47]} Ne8 {[%emt 0:02:41]} 12. c5 {[%emt 0:01:05]} Qc8 {[%emt 0:20:32]} 13. Bf4 {[%emt 0:04:47]} h6 {[%emt 0:09:25]} 14. h4 {[%emt 0:01:51]} dxc5 {[%emt 0:05:57]} 15. dxc5 {[%emt 0:03:01]} Bg4 {[%emt 0:00:49]} 16. Qe4 {[%emt 0:00:52]} Qe6 {[%emt 0:03:29]} 17. Re1 {[%emt 0:06:22]} b4 {[%emt 0:06:06]} 18. Na4 {[%emt 0:02:52]} Bf5 {[%emt 0:03:53]} 19. Qe3 {[%emt 0:00:19]} Kh7 {[%emt 0:00:34]} 20. b3 {[%emt 0:02:53]} Rd8 {[%emt 0:01:25]} 21. Bf1 {[%emt 0:01:56]} Bg4 {[%emt 0:03:17]} 22. Nh2 {[%emt 0:05:01]} Nd4 {[%emt 0:01:48]} 23. Bc4 {[%emt 0:05:29]} Qc8 {[%emt 0:02:12]} 24. Rac1 {[%emt 0:06:02]} a5 {[%emt 0:15:13]} 25. f3 {[%emt 0:05:24]} Bf5 {[%emt 0:00:25]} 26. g4 {[%emt 0:00:58]} Be6 {[%emt 0:01:54]} 27. Bd3 {[%emt 0:00:54]} Qa8 {[%emt 0:02:27]} 28. Be4 {[%emt 0:03:12]} Qa6 {[%emt 0:00:12]} 29. h5 {[%emt 0:02:19]} c6 {[%emt 0:01:18]} 30. Nb2 {[%emt 0:02:47]} Nc7 {[%emt 0:00:23]} 31. Bd3 {[%emt 0:00:15]} Ncb5 {[%emt 0:00:40]} 32. Qe4 {[%emt 0:00:44]} Kg8 {[%emt 0:00:46]} 33. hxg6 {[%emt 0:01:14]} fxg6 {[%emt 0:00:06]} 34. Bxh6 {[%emt 0:00:46]} Bf5 {[%emt 0:00:36]} 35. gxf5 {[%emt 0:00:16]} Bxh6 {[%emt 0:00:03]} 36. f6 {[%emt 0:01:21]} Nf5 {[%emt 0:00:38]} 37. Qg4 {[%emt 0:01:29]} Kh8 {[%emt 0:01:07]} 38. Bxf5 {[%emt 0:00:32]} gxf5 {[%emt 0:00:09]} 39. Qh5 {[%emt 0:00:08]} Kh7 {[%emt 0:00:17]} 40. Qxf5+ {[%emt 0:00:00]} Kh8 {[%emt 0:00:00]} 41. Qh5 {[%emt 0:00:23]} Kh7 {[%emt 0:00:13]} 42. Ng4 {[%emt 0:00:03]} 1-0

[Event "XXIX Cracovia 2018"]
[Site "Krakow"]
[Date "2018.12.29"]
[Round "3"]
[White "Gumularz, Szymon"]
[Black "Chylewski, Patryk"]
[Result "0-1"]
[WhiteElo "2462"]
[BlackElo "2268"]
[Annotator "TA"]
[PlyCount "70"]
[EventDate "2018.12.27"]
[EventType "swiss"]
[EventCountry "POL"]
[SourceTitle "playchess.com"]
[Source "ChessBase"]
[SourceQuality "1"]

{[%evp 27,70,0,33,-75,-52,-71,-42,-71,-71,-131,-122,-141,-110,-132,-46,-76,-61,-190,-207,-193,-204,-194,-193,-207,-173,-167,-167,-396,-395,-378,-399,-459,-452,-440,-451,-451,-437,-455,-414,-482,-470,-475,-493,-761,-754]} 1. d4 Nf6 2. c4 e6 3. Nf3 b6 4. a3 Bb7 5. Nc3 d5 6. cxd5 Nxd5 7. Qc2 Be7 8. e4 Nxc3 9. bxc3 O-O 10. Bd3 c5 11. O-O Qc7 12. Qe2 {E12: Queen's Indian: Unusual White 4th moves, 4 a3, 4 Nc3 Bb7 5 a3 and 4 Nc3 Bb7} Nc6 {[%cal Bb8c6,Bc6a5,Ba5b3,Bb3a1][%mdl 32]} (12... Rd8 13. Re1 Nd7 14. d5 exd5 15. exd5 Bf6 16. Ng5 Nf8 17. Qh5 h6 18. Ne4 Be5 19. Bxh6 Rxd5 {0-1 (36) Kazhgaleyev,M (2570)-Le,Q (2739) Ashkhabad 2017}) 13. d5 Na5 14. c4 Nb3 {[#] LiveBook: 3 Games} 15. Bb2 $146 (15. Rb1 $14 Nxc1 16. Rfxc1) ({Predecessor:} 15. Rb1 Nxc1 16. Rfxc1 Rfe8 17. dxe6 fxe6 18. e5 Bxf3 19. Qxf3 Qxe5 {½-½ (49) Salem,A (2603)-Potkin,V (2608) Wijk aan Zee 2015}) 15... Nxa1 $17 16. Bxa1 Rfe8 17. Qb2 {[%csl Ga1][%cal Rb2g7]} Bf8 18. Nh4 (18. Qc2 $142) 18... Rad8 19. f4 exd5 20. exd5 {[#]} Bc8 ({Black should try} 20... b5 $1 $17 {White must now prevent ...bxc4.} 21. Qxb5 Qb6) 21. Qc2 $1 $15 h6 22. Qf2 (22. a4 $1 $15) 22... b5 $19 23. Bb1 {[#]} Qe7 $1 ({Inferior is} 23... bxc4 24. Qc2 $11) 24. Qc2 {[%csl Gb1][%cal Rc2h7] [#]} g6 $1 25. Nxg6 fxg6 26. Qxg6+ Bg7 {aiming for ...Rd6.} 27. f5 $2 (27. Be5 {was called for.}) 27... Qe3+ 28. Kh1 {[%csl Ga1][%cal Rg6g7]} Qg5 29. f6 {f7+ would kill now.} Qxg6 30. Bxg6 {Hoping for f7+.} Rf8 31. Bd3 Bh8 32. h4 Bg4 33. cxb5 Kf7 {Black is clearly winning.} 34. Rf4 h5 35. Ra4 (35. Bc3 $142 Rfe8 36. Ba5) 35... Bxf6 {Accuracy: White = 29%, Black = 75%.} 0-1

[Event "XXIX Cracovia 2018"]
[Site "Krakow"]
[Date "2018.12.29"]
[Round "3"]
[White "Kosakowski, Jakub"]
[Black "Lee, Qing Aun"]
[Result "1/2-1/2"]
[WhiteElo "2415"]
[BlackElo "2297"]
[Annotator "NA"]
[PlyCount "79"]
[EventDate "2018.12.27"]
[EventType "swiss"]
[EventCountry "POL"]
[SourceTitle "playchess.com"]
[Source "ChessBase"]
[SourceQuality "1"]
[TimeControl "40/5400+30:1800+30"]

1. e4 {[%emt 0:00:00]} e6 {[%emt 0:08:37]} 2. Qe2 {[%emt 0:00:00]} c5 {[%emt 0:02:51]} 3. Nf3 {[%emt 0:00:39]} Nc6 {[%emt 0:01:53]} 4. g3 {[%emt 0:00:13]} g6 {[%emt 0:01:49]} 5. Bg2 {[%emt 0:00:17]} Bg7 {[%emt 0:00:22]} 6. O-O {[%emt 0:00:24]} Nge7 {[%emt 0:00:57]} 7. c3 {[%emt 0:02:28]} e5 {[%emt 0:03:34] C00: French: Unusual White 2nd moves} 8. Na3 {[%emt 0:04:59] LiveBook: 10 Games} O-O {[%emt 0:03:09]} 9. Nc2 {[%emt 0:05:06]} d5 {[%emt 0:05:05]} 10. d3 {[%emt 0:05:02]} h6 {[%emt 0:01:11]} 11. b4 {[%emt 0:03:09]} cxb4 {[%emt 0:05:01]} 12. cxb4 {[%emt 0:00:47]} a6 {[%emt 0:01:00]} 13. Bb2 {[%emt 0:04:01]} d4 {[%emt 0:03:13]} 14. Nd2 {[%emt 0:00:22] [#]} Be6 $146 {[%emt 0:03:49]} ({Predecessor:} 14... Re8 15. a4 Be6 {0-1 (71) King,D (2530)-Nunn,J (2610) Bunratty 1998}) 15. a3 {[%emt 0:03:11]} g5 {[%emt 0:04:15]} 16. Rac1 {[%emt 0:02:01]} b5 {[%emt 0:03:01]} 17. Na1 {[%emt 0:10:52]} Qb6 {[%emt 0:05:30]} 18. Nab3 {[%emt 0:02:16]} a5 {[%emt 0:00:49]} 19. bxa5 {[%emt 0:06:47]} Nxa5 {[%emt 0:00:07]} 20. Nc5 {[%emt 0:14:20]} Rac8 {[%emt 0:00:31]} 21. Nxe6 {[%emt 0:00:12]} Qxe6 {[%emt 0:00:02]} 22. Rxc8 {[%emt 0:03:51]} Rxc8 {[%emt 0:00:15]} 23. Rc1 {[%emt 0:00:08]} Qa2 {[%emt 0:04:36]} 24. Rxc8+ {[%emt 0:02:32]} Nxc8 {[%emt 0:00:01]} 25. Nf3 {[%emt 0:00:46]} Qb1+ {[%emt 0:09:08]} 26. Bf1 $1 {[%emt 0:01:21]} Nb6 {[%emt 0:00:56]} 27. Qd2 {[%emt 0:01:21]} Nc6 {[%emt 0:05:47]} 28. h4 {[%emt 0:02:43]} f6 {[%emt 0:03:07]} 29. Bc1 {[%emt 0:00:41]} Na4 {[%emt 0:03:06]} 30. hxg5 {[%emt 0:04:18]} hxg5 {[%emt 0:00:14]} 31. Bh3 {[%emt 0:03:23]} Nc5 {[%emt 0:01:29]} 32. Ne1 {[%emt 0:00:09]} Kf8 {[%emt 0:06:40]} 33. Kg2 $11 {[%emt 0:08:05]} Nb3 {[%emt 0:06:26]} 34. Qd1 {[%emt 0:00:07]} Nxc1 {[%emt 0:01:30]} 35. Bd7 {[%emt 0:08:22]} Nd8 {[%emt 0:00:26]} 36. Qh5 {[%emt 0:00:23]} Nf7 {[%emt 0:00:07]} 37. Be6 {[%emt 0:00:06]} Nh6 {[%emt 0:00:34]} 38. Bd7 {[%emt 0:00:08]} Nf7 {[%emt 0:00:05]} 39. Be6 {[%emt 0:00:04]} Nh6 {[%emt 0:00:05]} 40. Bd7 {[%emt 0:00:00]} 1/2-1/2

[Event "XXIX Cracovia 2018"]
[Site "Krakow"]
[Date "2018.12.29"]
[Round "3"]
[White "Hnydiuk, Aleksander"]
[Black "Krallis, Christos"]
[Result "1-0"]
[WhiteElo "2409"]
[BlackElo "2261"]
[Annotator "NA"]
[PlyCount "123"]
[EventDate "2018.12.27"]
[EventType "swiss"]
[EventCountry "POL"]
[SourceTitle "playchess.com"]
[Source "ChessBase"]
[SourceQuality "1"]
[TimeControl "40/5400+30:1800+30"]

1. Nf3 {[%emt 0:07:50]} Nf6 {[%emt 0:00:57]} 2. c4 {[%emt 0:00:37]} e6 {[%emt 0:00:12]} 3. g3 {[%emt 0:00:08]} d5 {[%emt 0:00:07]} 4. d4 {[%emt 0:00:04]} Be7 {[%emt 0:00:20]} 5. Bg2 {[%emt 0:00:10]} O-O {[%emt 0:00:14]} 6. O-O {[%emt 0:00:08]} c6 {[%emt 0:00:10]} 7. b3 {[%emt 0:00:42]} b6 {[%emt 0:00:13]} 8. Bb2 {[%emt 0:00:05]} Bb7 {[%emt 0:01:10]} 9. Nc3 {[%emt 0:00:15]} Nbd7 {[%emt 0:01:04]} 10. Qd3 {[%emt 0:00:06]} c5 {[%emt 0:11:42] LiveBook: 6 Games E07: Closed Catalan: Main Line (5 Nf3 0-0 6 0-0 Nbd7)} 11. cxd5 {[%emt 0:00:11]} exd5 {[%emt 0:01:08]} 12. Rfd1 {[%emt 0:11:28]} Ne4 $146 {[%emt 0:10:24]} ({Predecessor:} 12... Re8 13. e3 Bf8 14. Rac1 Rc8 15. Qb1 h6 16. dxc5 bxc5 17. Ne1 Nb6 {½-½ (54) Iotov,V (2556)-Farago,I (2482) Bad Woerishofen 2009}) 13. Rac1 {[%emt 0:13:59]} Bf6 {[%emt 0:07:13]} 14. Qb1 {[%emt 0:11:33]} Nxc3 {[%emt 0:22:09]} 15. Bxc3 {[%emt 0:01:42]} Re8 {[%emt 0:01:42]} 16. e3 {[%emt 0:05:24]} Qe7 {[%emt 0:02:56]} 17. Ne1 {[%emt 0:02:56]} Rad8 {[%emt 0:10:49]} 18. Nd3 {[%emt 0:09:34]} cxd4 {[%emt 0:01:31]} 19. Bb4 {[%emt 0:02:32]} Qe6 {[%emt 0:03:11]} 20. Nf4 {[%emt 0:00:17]} Qe5 {[%emt 0:02:49]} 21. Rxd4 {[%emt 0:13:12]} (21. exd4 $142 Qb8 22. Nxd5 (22. Bxd5 Bg5 $14)) 21... Nf8 {[%emt 0:08:18]} 22. Rdd1 {[%emt 0:03:46]} Ne6 {[%emt 0:09:09]} 23. Bc3 {[%emt 0:00:42]} d4 {[%emt 0:01:34]} 24. Bxd4 $16 {[%emt 0:06:14]} ({Much worse is} 24. Bxb7 $6 dxc3 25. Nd5 Nc5 $14) 24... Nxd4 {[%emt 0:00:20]} 25. Bxb7 {[%emt 0:00:31]} Ne6 {[%emt 0:00:40]} 26. Nd5 {[%emt 0:01:07]} Nc5 {[%emt 0:00:49]} 27. Bc6 {[%emt 0:03:15]} Re6 {[%emt 0:00:53]} 28. Nxf6+ {[%emt 0:00:32]} Qxf6 {[%emt 0:00:04]} 29. Rxd8+ {[%emt 0:02:04]} Qxd8 {[%emt 0:00:01]} 30. Rd1 {[%emt 0:00:29]} Rd6 {[%emt 0:00:32]} 31. Bf3 {[%emt 0:01:58]} Rxd1+ {[%emt 0:00:18]} 32. Qxd1 {[%emt 0:00:15]} Qxd1+ {[%emt 0:02:11]} 33. Bxd1 {[%emt 0:00:02]} Kf8 {[%emt 0:00:19]} 34. Bc2 {[%emt 0:00:08]} Ke7 {[%emt 0:00:11]} 35. f4 {[%emt 0:00:30]} Ke6 {[%emt 0:01:03]} 36. Kf2 {[%emt 0:00:35]} g6 {[%emt 0:01:03]} 37. e4 {[%emt 0:00:36]} Kd6 {[%emt 0:00:23]} 38. Ke3 {[%emt 0:00:10]} f6 {[%emt 0:00:32]} 39. Bd3 {[%emt 0:00:30]} Ne6 {[%emt 0:00:37]} 40. Bc4 {[%emt 0:00:00]} Nc7 {[%emt 0:00:00]} 41. Kd4 {[%emt 0:01:04]} h6 {[%emt 0:01:36]} 42. Bf7 {[%emt 0:09:25]} g5 {[%emt 0:00:34]} 43. Bc4 {[%emt 0:00:54]} Ke7 {[%emt 0:03:00]} 44. e5 {[%emt 0:06:12]} gxf4 {[%emt 0:01:12]} 45. gxf4 {[%emt 0:00:03]} f5 {[%emt 0:00:23]} 46. Bd3 {[%emt 0:01:54]} Ne6+ {[%emt 0:01:15]} 47. Ke3 {[%emt 0:09:34]} Ng7 {[%emt 0:00:17]} 48. Bc4 {[%emt 0:02:23]} Ne8 {[%emt 0:01:08]} 49. Bg8 {[%emt 0:00:30]} Ng7 {[%emt 0:01:02]} 50. Bh7 {[%emt 0:02:30]} Ke6 {[%emt 0:01:09]} 51. Bg6 {[%emt 0:01:05]} Ke7 {[%emt 0:02:37]} 52. b4 {[%emt 0:00:56]} Kd7 {[%emt 0:02:28]} 53. Kd3 {[%emt 0:00:43]} Ke7 {[%emt 0:02:01]} 54. a3 {[%emt 0:01:54]} b5 {[%emt 0:07:38]} 55. Ke3 {[%emt 0:00:20]} Kf8 {[%emt 0:00:01]} 56. Bh7 {[%emt 0:01:18]} Kf7 {[%emt 0:00:52]} 57. Kd4 {[%emt 0:00:33]} Ne6+ {[%emt 0:00:10]} 58. Kd5 {[%emt 0:00:22]} Nxf4+ {[%emt 0:00:07]} 59. Kd6 {[%emt 0:00:03]} Ne6 {[%emt 0:02:09]} 60. Bxf5 {[%emt 0:00:15]} Nd4 {[%emt 0:00:17]} 61. Bd3 {[%emt 0:00:49]} a6 {[%emt 0:00:26]} 62. Be4 {[%emt 0:00:07]} 1-0